000 01030nam a2200253Ia 4500
003 OSt
005 20220923225118.0
006 a|||||r|||| 00| 0
007 ta
008 220922b |||||||| |||| 00| 0 hin d
024 _a257,506
037 _cTextual
040 _aARTS
_cARTS
_bhin
041 _2hin
_ahin
082 _aY73(Q7).45, 152L4
100 _aमिश्रा, के. एम.
245 0 _aउत्तरी भारत में मुस्लिम समाज
_b मुख्यतः उर्दू स्त्रोतों पर आाधारित
246 _aUttarī bhārat mean muslim samāja: mukhyatah urdū strotoan par āādhārita
260 _aजयपुर
_b राजस्थान हिन्दी ग्रन्थ अकादमी
_c1974
300 _a225पृ.
_ccm.
650 _aभारतीय-लोक साहित्य
942 _hY73(Q7).45, 152L4
_cTEXL
_2CC
999 _c376140
_d376140